[Event "EU-ch U16 Girls"]
[Site "Prague"]
[Date "2024.08.25"]
[Round "4"]
[White "Sekova, Olivia"]
[Black "Lorenz, Veronika"]
[Result "1-0"]
[WhiteElo "2073"]
[BlackElo "1884"]
[PlyCount "43"]
[EventDate "2024.08.22"]
[EventType "swiss"]
[EventRounds "9"]
[EventCountry "CZE"]
[SourceTitle "CBM 221 Extra"]
[Source "ChessBase"]
[SourceDate "2024.09.30"]
[SourceVersion "1"]
[SourceVersionDate "2024.09.30"]
[SourceQuality "1"]

1. e4 e5 2. Nf3 Nc6 3. d4 exd4 4. Nxd4 Nf6 5. Nxc6 bxc6 6. Qe2 Qe7 7. Nc3 Bb7 8. b3 0-0-0 9. Bb2 g6 10. g3 Bg7 11. Bg2 Rhe8 12. 0-0-0 Nxe4 13. Nxe4 Bxb2+ 14. Kxb2 f5 15. Qe3 fxe4 16. Qxa7 c5 17. Kb1 Qe5 18. Rhe1 Re6 19. Bf1 Rf6 20. a4 Rxf2 21. Ba6 Bxa6 22. Qa8# 1-0

[Event "EU-ch U16 Girls"]
[Site "Prague"]
[Date "2024.08.24"]
[Round "3"]
[White "Lorenz, Veronika"]
[Black "Scipokaite, Deina"]
[Result "1-0"]
[WhiteElo "1884"]
[BlackElo "1623"]
[PlyCount "63"]
[EventDate "2024.08.22"]
[EventType "swiss"]
[EventRounds "9"]
[EventCountry "CZE"]
[SourceTitle "CBM 221 Extra"]
[Source "ChessBase"]
[SourceDate "2024.09.30"]
[SourceVersion "1"]
[SourceVersionDate "2024.09.30"]
[SourceQuality "1"]

1. e4 d5 2. exd5 Nf6 3. c4 e6 4. dxe6 Bxe6 5. d4 Qe7 6. Be3 c6 7. Nf3 Nbd7 8. Be2 g6 9. 0-0 Bg7 10. Nc3 Qd6 11. Qd2 0-0 12. Bf4 Qb4 13. a3 Qb3 14. Bd6 Rfe8 15. a4 Qb6 16. a5 Qd8 17. a6 bxa6 18. c5 Bf8 19. Bxf8 Rxf8 20. Rxa6 Qc7 21. Rfa1 Rfd8 22. b4 Bd5 23. Nxd5 Nxd5 24. Bc4 N7f6 25. Ne5 Qb7 26. Nxc6 Re8 27. b5 Ne4 28. Qb2 Nc7 29. Rxa7 Rxa7 30. Rxa7 Qc8 31. Ne5 Ng5 32. b6 1-0

[Event "GER-chT U16 Girls"]
[Site "Magdeburg"]
[Date "2023.12.30"]
[Round "7.2"]
[White "Nguyen, Jenny Ha Linh"]
[Black "Lorenz, Veronika"]
[Result "1/2-1/2"]
[WhiteElo "1639"]
[BlackElo "1651"]
[PlyCount "117"]
[EventDate "2023.12.26"]
[EventType "team-swiss"]
[EventRounds "7"]
[EventCountry "GER"]
[SourceTitle "CBM 218 Extra"]
[Source "ChessBase"]
[SourceDate "2024.03.31"]
[SourceVersion "1"]
[SourceVersionDate "2024.03.31"]
[SourceQuality "1"]
[WhiteTeam "Leipzig SG"]
[BlackTeam "Oberschoeneweide"]
[WhiteTeamCountry "GER"]
[BlackTeamCountry "GER"]

1. e4 e5 2. Nf3 Nc6 3. Bc4 Nf6 4. d3 Bc5 5. 0-0 0-0 6. Re1 d6 7. c3 h6 8. Nbd2 a6 9. Bb3 Ba7 10. Nf1 Na5 11. Bc2 c5 12. h3 b5 13. a3 Nc6 14. Ng3 Qc7 15. Nh2 d5 16. Ng4 Nxg4 17. hxg4 d4 18. c4 bxc4 19. dxc4 f6 20. Nf5 Ne7 21. g3 Nxf5 22. gxf5 Rf7 23. b4 Rb8 24. Rb1 Kf8 25. Qd3 Bd7 26. Bd2 Rc8 27. Bb3 Ke7 28. Rec1 Rff8 29. b5 a5 30. Qe2 Be8 31. Kg2 Bb6 32. Rh1 Kd6 33. a4 Rh8 34. g4 Bf7 35. Rh3 Rh7 36. Rbh1 Rch8 37. Bd1 Qc8 38. R1h2 Qg8 39. Bb3 g6 40. Rxh6 Rxh6 41. Rxh6 Rxh6 42. Bxh6 g5 43. Qd3 Bd8 44. Qf1 Kc7 45. Qe2 Qh8 46. Bxg5 fxg5 47. Bc2 Qg8 48. Bd3 Kb6 49. Qf1 Be7 50. Qe2 Qh7 51. Qf3 Qh8 52. Qe2 Qh4 53. Qf3 Qh6 54. Qh3 Qg7 55. Qf3 Qh7 56. Qe2 Qg8 57. Qf1 Qh8 58. Qh1 Qg7 59. Qf1 1/2-1/2

[Event "GER-chT U16 Girls"]
[Site "Magdeburg"]
[Date "2023.12.27"]
[Round "2.6"]
[White "Lorenz, Veronika"]
[Black "Reddi, Bhuvana"]
[Result "1-0"]
[WhiteElo "1651"]
[BlackElo "1565"]
[PlyCount "47"]
[EventDate "2023.12.26"]
[EventType "team-swiss"]
[EventRounds "7"]
[EventCountry "GER"]
[SourceTitle "CBM 218 Extra"]
[Source "ChessBase"]
[SourceDate "2024.03.31"]
[SourceVersion "1"]
[SourceVersionDate "2024.03.31"]
[SourceQuality "1"]
[WhiteTeam "Oberschoeneweide"]
[BlackTeam "Weisse Dame"]
[WhiteTeamCountry "GER"]
[BlackTeamCountry "GER"]

1. e4 e5 2. Nf3 Nc6 3. Bb5 a6 4. Ba4 Nf6 5. d3 d6 6. c3 Be7 7. 0-0 0-0 8. Re1 Nd7 9. d4 Bf6 10. d5 Ne7 11. Nbd2 g6 12. b4 Bg7 13. c4 f5 14. Ba3 fxe4 15. Nxe4 Nb6 16. Bb3 Bg4 17. c5 Nbc8 18. Neg5 Kh8 19. h3 Bd7 20. Rc1 Bh6 21. Bb2 Na7 22. Nxe5 Kg8 23. Nxd7 Qxd7 24. Qd4 1-0

[Event "Wch U14 Girls"]
[Site "Montesilvano"]
[Date "2023.11.20"]
[Round "7"]
[White "Khulan, Bayarsaikhan"]
[Black "Lorenz, Veronika"]
[Result "1-0"]
[WhiteElo "1615"]
[BlackElo "1791"]
[PlyCount "115"]
[EventDate "2023.11.13"]
[EventType "swiss"]
[EventRounds "11"]
[EventCountry "ITA"]
[SourceTitle "CBM 217 Extra"]
[Source "ChessBase"]
[SourceDate "2024.01.31"]
[SourceVersion "1"]
[SourceVersionDate "2024.01.31"]
[SourceQuality "1"]

1. g3 Nf6 2. c4 g6 3. Bg2 Bg7 4. Nf3 d6 5. d4 0-0 6. 0-0 Nbd7 7. Nc3 e5 8. dxe5 dxe5 9. Qc2 c6 10. Rd1 Qe7 11. b3 a5 12. a4 Nc5 13. Ba3 e4 14. Ne1 Bf5 15. e3 Rfd8 16. Rac1 b6 17. Bxc5 bxc5 18. Rxd8+ Rxd8 19. Rd1 Kf8 20. Rd2 Rxd2 21. Qxd2 Nd7 22. Nxe4 Bxe4 23. Bxe4 Qxe4 24. Qxd7 Bc3 25. Qd8+ Kg7 26. Qd3 Qe5 27. f4 Qf6 28. Nf3 Ba1 29. Nd2 Qc3 30. Qxc3+ Bxc3 31. Ne4 Bb4 32. Kg2 h5 33. Kf3 f5 34. Nf2 Kf6 35. Nd3 Ba3 36. Ne5 Bb2 37. Nxc6 Bc3 38. e4 Ke6 39. Na7 Bb2 40. Nb5 Kf6 41. Ke3 Bc1+ 42. Kf3 Bb2 43. h3 Bc1 44. Nd6 Bd2 45. g4 fxg4+ 46. hxg4 h4 47. e5+ Ke6 48. Ne4 Bb4 49. Ng5+ Ke7 50. Ke4 Bd2 51. Nh3 Bc3 52. f5 gxf5+ 53. gxf5 Bd4 54. f6+ Kf7 55. Kf5 Kf8 56. Nf4 Kf7 57. e6+ Kf8 58. Ng6+ 1-0

[Event "Wch U14 Girls"]
[Site "Montesilvano"]
[Date "2023.11.18"]
[Round "6"]
[White "Lorenz, Veronika"]
[Black "Chasouraki, Chrysi"]
[Result "1-0"]
[WhiteElo "1791"]
[BlackElo "1559"]
[PlyCount "103"]
[EventDate "2023.11.13"]
[EventType "swiss"]
[EventRounds "11"]
[EventCountry "ITA"]
[SourceTitle "CBM 217 Extra"]
[Source "ChessBase"]
[SourceDate "2024.01.31"]
[SourceVersion "1"]
[SourceVersionDate "2024.01.31"]
[SourceQuality "1"]

1. e4 c5 2. Nf3 e6 3. g3 d5 4. exd5 exd5 5. d4 cxd4 6. Nxd4 Nc6 7. Bg2 Bc5 8. Be3 Nxd4 9. Bxd4 Qe7+ 10. Kf1 Bxd4 11. Qxd4 Nf6 12. Nc3 0-0 13. Re1 Qc7 14. Nxd5 Nxd5 15. Bxd5 Bh3+ 16. Bg2 Bxg2+ 17. Kxg2 Qxc2 18. Rc1 Qg6 19. Rc7 Rad8 20. Qb4 b5 21. Rhc1 a5 22. Qxb5 Qe4+ 23. Kg1 Qb4 24. Qxb4 axb4 25. Rb7 Rb8 26. Rcc7 Ra8 27. Rxb4 Rxa2 28. Rbb7 Raa8 29. b4 g6 30. b5 Rab8 31. Rxf7 Rxf7 32. Rxb8+ Kg7 33. b6 Kf6 34. b7 Kf5 35. f3 Kg5 36. Kf2 Re7 37. h3 Kh5 38. h4 h6 39. Kf1 Rg7 40. Ke2 g5 41. hxg5 Kxg5 42. Kd3 Kh5 43. Kc4 Rc7+ 44. Kd5 Rf7 45. Kc6 Rxf3 46. g4+ Kh4 47. Rg8 Rc3+ 48. Kd5 Rb3 49. b8Q Rxb8 50. Rxb8 Kxg4 51. Ke4 h5 52. Rg8+ 1-0

[Event "Wch U14 Girls"]
[Site "Montesilvano"]
[Date "2023.11.17"]
[Round "5"]
[White "Jankovic, Tamara"]
[Black "Lorenz, Veronika"]
[Result "1/2-1/2"]
[WhiteElo "1711"]
[BlackElo "1791"]
[PlyCount "117"]
[EventDate "2023.11.13"]
[EventType "swiss"]
[EventRounds "11"]
[EventCountry "ITA"]
[SourceTitle "CBM 217 Extra"]
[Source "ChessBase"]
[SourceDate "2024.01.31"]
[SourceVersion "1"]
[SourceVersionDate "2024.01.31"]
[SourceQuality "1"]

1. e4 e5 2. Nf3 Nc6 3. Bc4 Bc5 4. c3 d6 5. d4 exd4 6. cxd4 Bb6 7. 0-0 Nf6 8. Nc3 0-0 9. h3 Nxe4 10. Nxe4 d5 11. Bxd5 Qxd5 12. Nc3 Qh5 13. Bf4 Be6 14. d5 Rad8 15. Ng5 Qg6 16. Qd2 h6 17. Nxe6 fxe6 18. Rad1 exd5 19. Nxd5 Qf7 20. Be3 Ba5 21. Qd3 Nb4 22. Nxb4 Rxd3 23. Nxd3 Bb6 24. Bxb6 axb6 25. a3 Qb3 26. Rd2 c5 27. Re1 c4 28. Nb4 Rf7 29. Re3 Qa4 30. Nd5 Qa5 31. Nc3 Qf5 32. Rf3 Qe6 33. Re3 Qc6 34. Nd5 Qc5 35. Nc3 Kh7 36. Ne4 Qc7 37. Nc3 Rd7 38. Nd5 Qd8 39. Re5 b5 40. Kf1 Rd6 41. Ke2 Qf8 42. g3 Qc8 43. g4 Qd8 44. f4 Qh4 45. Re3 Qd8 46. Re5 Qc8 47. Kd1 Qc6 48. f5 c3 49. bxc3 Qc4 50. Ke1 b6 51. Kf2 Qc5+ 52. Kf1 Qc4+ 53. Kf2 Kg8 54. Re8+ Kh7 55. Re5 Qc5+ 56. Kf1 Qc6 57. Kf2 Qd7 58. Kg3 Qd8 59. h4 1/2-1/2

[Event "Wch U14 Girls"]
[Site "Montesilvano"]
[Date "2023.11.16"]
[Round "4"]
[White "Lorenz, Veronika"]
[Black "Hong, Jueun"]
[Result "1-0"]
[WhiteElo "1791"]
[BlackElo "1299"]
[PlyCount "65"]
[EventDate "2023.11.13"]
[EventType "swiss"]
[EventRounds "11"]
[EventCountry "ITA"]
[SourceTitle "CBM 217 Extra"]
[Source "ChessBase"]
[SourceDate "2024.01.31"]
[SourceVersion "1"]
[SourceVersionDate "2024.01.31"]
[SourceQuality "1"]

1. e4 c5 2. Nf3 d6 3. d4 cxd4 4. Nxd4 Nf6 5. f3 g6 6. c4 Bg7 7. Nc3 Nc6 8. Be3 0-0 9. Qd2 Bd7 10. Be2 Qa5 11. 0-0 Rfc8 12. b3 Ne5 13. Qb2 a6 14. Rac1 Be6 15. b4 Qd8 16. c5 Bc4 17. Rfd1 Qf8 18. Na4 Bxe2 19. Qxe2 Rd8 20. Nb6 Rab8 21. c6 Nxc6 22. Nxc6 bxc6 23. Rxc6 Nd7 24. Qxa6 Nxb6 25. Bxb6 Rdc8 26. Rdc1 Rxc6 27. Rxc6 Qe8 28. Qc4 Bf6 29. b5 Ra8 30. Be3 Bg7 31. b6 Qb8 32. Rc7 Bf8 33. b7 1-0

[Event "World-chT Rapid"]
[Site "Duesseldorf"]
[Date "2023.08.27"]
[Round "8.17"]
[White "Lorenz, Veronika"]
[Black "Kuhne, Detlev"]
[Result "0-1"]
[WhiteElo "1668"]
[BlackElo "2050"]
[PlyCount "153"]
[EventDate "2023.08.26"]
[EventType "team-swiss (rapid)"]
[EventRounds "12"]
[EventCountry "GER"]
[SourceTitle "CBM 215 Extra"]
[Source "ChessBase"]
[SourceDate "2023.09.30"]
[SourceVersion "1"]
[SourceVersionDate "2023.09.30"]
[SourceQuality "1"]
[WhiteTeam "Deutsche Schachjugend II"]
[BlackTeam "Magdeburg and Friends"]
[WhiteTeamCountry "GER"]
[BlackTeamCountry "GER"]

1. e4 Nf6 2. e5 Nd5 3. c4 Nb6 4. d4 d6 5. f4 dxe5 6. fxe5 Nc6 7. Be3 Bf5 8. Nc3 e6 9. Nf3 Qd7 10. Be2 0-0-0 11. 0-0 Be7 12. a4 a5 13. Nb5 Nb4 14. Rc1 Kb8 15. d5 exd5 16. Nxc7 Qxc7 17. cxd5 Nc6 18. d6 Bxd6 19. exd6 Rxd6 20. Bf4 Rxd1 21. Bxc7+ Kxc7 22. Rfxd1 Nxa4 23. b3 Nb6 24. Nd4 Bd7 25. Bf3 Re8 26. Nb5+ Kb8 27. Nd6 Re3 28. Rd2 Rxb3 29. Nxb7 Kxb7 30. Rxd7+ Nxd7 31. Bxc6+ Kb6 32. Bxd7 Rd3 33. Rb1+ Kc7 34. Bf5 Rd8 35. Bxh7 g6 36. Rf1 Rd7 37. Bg8 f5 38. Ra1 Kb6 39. Rb1+ Kc5 40. Be6 Rd6 41. Bf7 a4 42. Ra1 Kb4 43. Kf2 Rd2+ 44. Kf3 g5 45. Bg6 Rd5 46. Bf7 Re5 47. Bg6 a3 48. g4 f4 49. Be4 Kb3 50. Bg6 Kb2 51. Rd1 Re3+ 52. Kf2 Rc3 53. Rd2+ Kc1 54. Ra2 Rh3 55. Kg2 Rc3 56. Bf7 Rd3 57. Be6 Re3 58. Bg8 Rd3 59. Bf7 Rc3 60. Bd5 Rd3 61. Bc4 Rc3 62. Bf7 Re3 63. Rf2 Rc3 64. Rf1+ Kb2 65. Rf2+ Kc1 66. Rf1+ Kb2 67. Rf3 Rc7 68. Be6 Rc6 69. Bd5 Rc5 70. Bg8 Rc8 71. Bf7 Rc7 72. Rf2+ Kc3 73. Ba2 Rb7 74. h3 Rd7 75. h4 gxh4 76. Kh3 Rd2 77. Rxd2 0-1

[Event "World-chT Rapid"]
[Site "Duesseldorf"]
[Date "2023.08.26"]
[Round "2.18"]
[White "Heinert, Eugen"]
[Black "Lorenz, Veronika"]
[Result "1-0"]
[WhiteElo "2121"]
[BlackElo "1668"]
[PlyCount "81"]
[EventDate "2023.08.26"]
[EventType "team-swiss (rapid)"]
[EventRounds "12"]
[EventCountry "GER"]
[SourceTitle "CBM 215 Extra"]
[Source "ChessBase"]
[SourceDate "2023.09.30"]
[SourceVersion "1"]
[SourceVersionDate "2023.09.30"]
[SourceQuality "1"]
[WhiteTeam "Blerickse Schaakvereniging"]
[BlackTeam "Deutsche Schachjugend II"]
[WhiteTeamCountry "NED"]
[BlackTeamCountry "GER"]

1. d4 Nf6 2. Bg5 g6 3. Bxf6 exf6 4. e3 Bg7 5. g3 0-0 6. Bg2 c5 7. c3 Re8 8. Ne2 Nc6 9. Nd2 cxd4 10. cxd4 d5 11. 0-0 Bg4 12. Bf3 Bxf3 13. Nxf3 Rc8 14. Nf4 g5 15. Nd3 Bf8 16. Rc1 Qb6 17. Qa4 Nb4 18. Nxb4 Bxb4 19. Rc2 Rxc2 20. Qxc2 Re6 21. Rc1 Rc6 22. Qd1 Be7 23. Rc2 Qc7 24. Rxc6 Qxc6 25. Ne1 Kg7 26. Nd3 Qc4 27. a3 b6 28. Kf1 a5 29. Ke2 Qa2 30. Qd2 Qc4 31. Qc1 Qa2 32. Qc3 Qc4 33. Kd2 Qxc3+ 34. Kxc3 Kg6 35. Kd2 Kf5 36. Ke2 h5 37. h3 Ke4 38. f3+ Kf5 39. g4+ hxg4 40. hxg4+ Kg6 41. e4 1-0

[Event "World-chT Rapid"]
[Site "Duesseldorf"]
[Date "2023.08.26"]
[Round "3.17"]
[White "Lorenz, Veronika"]
[Black "Juegel, Marcel"]
[Result "0-1"]
[WhiteElo "1668"]
[BlackElo "2164"]
[PlyCount "96"]
[EventDate "2023.08.26"]
[EventType "team-swiss (rapid)"]
[EventRounds "12"]
[EventCountry "GER"]
[SourceTitle "CBM 215 Extra"]
[Source "ChessBase"]
[SourceDate "2023.09.30"]
[SourceVersion "1"]
[SourceVersionDate "2023.09.30"]
[SourceQuality "1"]
[WhiteTeam "Deutsche Schachjugend II"]
[BlackTeam "Phile Khoob CC"]
[WhiteTeamCountry "GER"]
[BlackTeamCountry "IRI"]

1. e4 e6 2. d4 b6 3. Nc3 Bb7 4. Bd3 Nf6 5. Bg5 h6 6. Bd2 Bb4 7. a3 Bxc3 8. Bxc3 Nxe4 9. Qg4 Qg5 10. Qf3 Nc5 11. Nh3 Qxg2 12. Qxg2 Bxg2 13. dxc5 Bxh1 14. cxb6 axb6 15. 0-0-0 Bf3 16. Rg1 Ra4 17. Bxg7 Rg8 18. Bh7 Rxg7 19. Rxg7 Nc6 20. Ng1 Bh5 21. Bd3 Rh4 22. h3 Ne5 23. Rg3 Rf4 24. Be2 Bxe2 25. Nxe2 Rxf2 26. Nc3 Ke7 27. Ne4 Re2 28. Nc3 Rh2 29. Nb5 c6 30. Nd4 Nc4 31. c3 Nxb2 32. Nf3 Rf2 33. Nd2 Na4 34. Ne4 Re2 35. Nd2 Rh2 36. Nf3 Ra2 37. Nd4 Rxa3 38. Kd2 c5 39. Nc2 Rb3 40. Na1 Rb1 41. Nc2 d5 42. Rg4 Nb2 43. Na3 Rh1 44. Kc2 Rh2+ 45. Kb3 Nd3 46. Rh4 Rb2+ 47. Ka4 c4 48. Rxh6 Nc5# 0-1

[Event "GER-ch U14 Girls"]
[Site "Willingen"]
[Date "2023.05.30"]
[Round "4"]
[White "Lorenz, Veronika"]
[Black "Trunz, Tamila"]
[Result "1-0"]
[WhiteElo "1584"]
[BlackElo "1697"]
[PlyCount "93"]
[EventDate "2023.05.27"]
[EventType "swiss"]
[EventRounds "9"]
[EventCountry "GER"]
[SourceTitle "CBM 214 Extra"]
[Source "ChessBase"]
[SourceDate "2023.07.31"]
[SourceVersion "1"]
[SourceVersionDate "2023.07.31"]
[SourceQuality "1"]

1. e4 c5 2. Nf3 e6 3. g3 Nc6 4. Bg2 Nf6 5. Qe2 d5 6. exd5 Nxd5 7. 0-0 Bd6 8. Rd1 Qb6 9. b3 Bd7 10. Bb2 Nf6 11. Na3 Be7 12. d4 cxd4 13. Nc4 Qc7 14. Nxd4 Nxd4 15. Bxd4 0-0 16. Be5 Qc8 17. Bd6 Bxd6 18. Nxd6 Qc7 19. Bxb7 Rad8 20. Bg2 e5 21. Ne4 Ne8 22. c4 f5 23. Nc3 e4 24. Nd5 Qc5 25. Qe3 Qd6 26. Qxa7 Nf6 27. Nxf6+ Qxf6 28. Qd4 Qe7 29. Qd6 Qg5 30. Qd5+ Kh8 31. Bxe4 Qg4 32. Bf3 Qg6 33. Qc5 Qf6 34. Qd4 Qg6 35. Qf4 Qf6 36. Rac1 Qb2 37. Qd2 Qf6 38. Qc3 Qg6 39. Qb4 Qh6 40. Qd6 Be6 41. Qxd8 Rxd8 42. Rxd8+ Bg8 43. Re1 Qf6 44. Ree8 h6 45. Rxg8+ Kh7 46. Bh5 Qa1+ 47. Kg2 1-0

[Event "GER-ch U14 Girls"]
[Site "Willingen"]
[Date "2023.05.28"]
[Round "1"]
[White "Vogt, Luna"]
[Black "Lorenz, Veronika"]
[Result "0-1"]
[WhiteElo "1345"]
[BlackElo "1584"]
[PlyCount "60"]
[EventDate "2023.05.27"]
[EventType "swiss"]
[EventRounds "9"]
[EventCountry "GER"]
[SourceTitle "CBM 214 Extra"]
[Source "ChessBase"]
[SourceDate "2023.07.31"]
[SourceVersion "1"]
[SourceVersionDate "2023.07.31"]
[SourceQuality "1"]

1. d4 Nf6 2. c4 g6 3. Nc3 Bg7 4. e4 0-0 5. Nf3 d6 6. Be2 Nbd7 7. 0-0 e5 8. Be3 Kh8 9. Qc2 Qe7 10. d5 a5 11. a3 Ng8 12. Nd2 f5 13. f3 f4 14. Bf2 Ndf6 15. b4 g5 16. c5 g4 17. cxd6 cxd6 18. Nb5 axb4 19. axb4 Rxa1 20. Rxa1 Nh6 21. Rc1 Nh5 22. Nf1 Bd7 23. Qc7 g3 24. hxg3 fxg3 25. Be3 Nf4 26. Nxg3 Qg5 27. Bf1 Bxb5 28. Bxf4 exf4 29. Bxb5 Qxg3 30. Qxb7 Bd4+ 0-1

[Event "GER-ch U14 Girls"]
[Site "Willingen"]
[Date "2022.06.05"]
[Round "2"]
[White "Flierl, Veronika"]
[Black "Lorenz, Veronika"]
[Result "0-1"]
[WhiteElo "1427"]
[BlackElo "1510"]
[PlyCount "94"]
[EventDate "2022.06.04"]
[EventType "swiss"]
[EventRounds "9"]
[EventCountry "GER"]
[SourceTitle "CBM 208 Extra"]
[Source "ChessBase"]
[SourceDate "2022.07.31"]
[SourceVersion "1"]
[SourceVersionDate "2022.07.31"]
[SourceQuality "1"]

1. e4 e5 2. Nf3 Nc6 3. Bc4 Nf6 4. d3 Bc5 5. c3 d5 6. exd5 Nxd5 7. 0-0 0-0 8. Re1 Bg4 9. Nbd2 Nb6 10. Bb3 Qxd3 11. h3 Bxf3 12. Qxf3 Qxf3 13. Nxf3 Bd6 14. Bg5 Na5 15. Bc2 f6 16. Be3 Nbc4 17. Bc1 Kh8 18. Re4 f5 19. Re2 Nc6 20. Ba4 Rae8 21. Bb3 Nb6 22. Ng5 Re7 23. Be3 h6 24. Nf3 e4 25. Nd4 Nxd4 26. Bxd4 c5 27. Be3 f4 28. Bd2 Rfe8 29. Rae1 c4 30. Bc2 e3 31. fxe3 fxe3 32. Rxe3 Bc5 33. Kf2 Nd5 34. Ba4 Rf8+ 35. Ke2 Bxe3 36. Bxe3 Rxe3+ 37. Kd2 Rf2+ 38. Kd1 Rxe1+ 39. Kxe1 Rxb2 40. Kf1 Nxc3 41. Bd7 Nxa2 42. Be6 c3 43. Bxa2 Rxa2 44. Ke1 Ra1+ 45. Kf2 c2 46. Kg3 c1Q 47. Kh4 Qg5# 0-1

[Event "GER-chT U12"]
[Site "Naumburg Saale"]
[Date "2022.03.26"]
[Round "2.1"]
[White "Ermitsch, Magnus"]
[Black "Lorenz, Veronika"]
[Result "1-0"]
[WhiteElo "2127"]
[BlackElo "1388"]
[PlyCount "75"]
[EventDate "2022.03.25"]
[EventType "team-swiss"]
[EventRounds "6"]
[EventCountry "GER"]
[SourceTitle "EXT 2023"]
[Source "ChessBase"]
[SourceDate "2022.10.05"]
[SourceVersion "1"]
[SourceVersionDate "2022.10.05"]
[SourceQuality "1"]
[WhiteTeam "Lichtenberg Borussia"]
[BlackTeam "Oberschoeneweide"]
[WhiteTeamCountry "GER"]
[BlackTeamCountry "GER"]

1. e4 e5 2. Nf3 Nc6 3. Bb5 a6 4. Ba4 Nf6 5. 0-0 Be7 6. d3 b5 7. Bb3 0-0 8. a4 b4 9. a5 d6 10. c3 Rb8 11. Nbd2 Be6 12. Nc4 h6 13. d4 bxc3 14. d5 cxb2 15. Bxb2 Nxe4 16. dxe6 fxe6 17. Ba3 Bf6 18. Rc1 Ng5 19. Ncd2 Nxa5 20. Nxg5 Bxg5 21. Bxe6+ Kh8 22. Rc3 Bxd2 23. Qxd2 Rf6 24. Ba2 c5 25. Qd3 Qc8 26. Bb1 g6 27. Qe3 Kg7 28. Be4 Qd7 29. Bc1 g5 30. h4 gxh4 31. Rd1 Rc8 32. Qe2 Nc6 33. Qh5 Nd4 34. Rh3 Qf7 35. Qg4+ Kf8 36. Qxc8+ Ke7 37. Qc7+ Ke8 38. Bc6+ 1-0

[Event "GER-ch U12 Girls"]
[Site "Willingen"]
[Date "2021.08.24"]
[Round "3"]
[White "Lorenz, Veronika"]
[Black "Halas, Neele Zoe"]
[Result "1-0"]
[WhiteElo "1395"]
[BlackElo "1494"]
[PlyCount "71"]
[EventDate "2021.08.22"]
[EventType "swiss"]
[EventRounds "9"]
[EventCountry "GER"]
[SourceTitle "EXT 2022"]
[Source "ChessBase"]
[SourceDate "2021.10.06"]
[SourceVersion "1"]
[SourceVersionDate "2021.10.06"]
[SourceQuality "1"]

1. e4 e5 2. Nf3 Nc6 3. Bb5 Nge7 4. 0-0 g6 5. c3 Bg7 6. d4 exd4 7. cxd4 d5 8. exd5 Nxd5 9. Re1+ Be6 10. Bg5 Qd7 11. Nbd2 0-0 12. Ne4 b6 13. Ne5 Bxe5 14. dxe5 a6 15. Bxc6 Qxc6 16. Qd2 f5 17. exf6 Bf5 18. Rac1 Qd7 19. Qd4 Bxe4 20. Qxe4 Rae8 21. Qd4 Nxf6 22. Bxf6 Rxe1+ 23. Rxe1 Qxd4 24. Bxd4 c5 25. Bc3 Kf7 26. f3 Rd8 27. Kf2 b5 28. a3 c4 29. Bb4 Rd7 30. Re2 Ra7 31. Ke3 Rd7 32. Rd2 Ra7 33. Kd4 Rc7 34. Kd5 Ke8 35. Re2+ Kd8 36. Ba5 1-0

[Event "GER-chT Christmas U20 Girls"]
[Site "Playchess.com INT"]
[Date "2020.12.29"]
[Round "3.2"]
[White "Lorenz, Veronika"]
[Black "Zoellner, Bente"]
[Result "0-1"]
[WhiteElo "1336"]
[BlackElo "1614"]
[PlyCount "67"]
[EventDate "2020.12.29"]
[EventType "team-swiss (blitz)"]
[EventRounds "7"]
[EventCountry "GER"]
[SourceTitle "CBM 200 Extra"]
[Source "ChessBase"]
[SourceDate "2021.03.31"]
[SourceVersion "1"]
[SourceVersionDate "2021.03.31"]
[SourceQuality "1"]
[WhiteTeam "Oberschoeneweide"]
[BlackTeam "Papenburg"]
[WhiteTeamCountry "GER"]
[BlackTeamCountry "GER"]

1. e4 c5 2. Nf3 Nc6 3. d4 cxd4 4. Nxd4 Nf6 5. Nc3 e5 6. Nf5 d6 7. Bc4 Nxe4 8. Nxe4 Bxf5 9. Ng3 Bg6 10. 0-0 Nd4 11. c3 Nc2 12. Rb1 Na3 13. bxa3 Bxb1 14. Bb5+ Ke7 15. Nf5+ Bxf5 16. Qd5 Qc7 17. Bc4 Be6 18. Bg5+ Kd7 19. Bb5+ Kc8 20. Qe4 Be7 21. Be3 f5 22. Qa4 a6 23. Be2 b5 24. Qc2 Kd7 25. Rc1 Rac8 26. c4 bxc4 27. Qa4+ Qc6 28. Qa5 c3 29. Bxa6 Ra8 30. Rxc3 Rxa6 31. Rxc6 Rxa5 32. Rc1 Rb8 33. Bd2 Rxa3 34. Bb4 0-1

[Event "GER-chT Christmas U20 Girls"]
[Site "Playchess.com INT"]
[Date "2020.12.29"]
[Round "6.2"]
[White "Sinner, Joselyne"]
[Black "Lorenz, Veronika"]
[Result "0-1"]
[WhiteElo "1409"]
[BlackElo "1336"]
[PlyCount "98"]
[EventDate "2020.12.29"]
[EventType "team-swiss (blitz)"]
[EventRounds "7"]
[EventCountry "GER"]
[SourceTitle "CBM 200 Extra"]
[Source "ChessBase"]
[SourceDate "2021.03.31"]
[SourceVersion "1"]
[SourceVersionDate "2021.03.31"]
[SourceQuality "1"]
[WhiteTeam "Koeln Porz"]
[BlackTeam "Oberschoeneweide"]
[WhiteTeamCountry "GER"]
[BlackTeamCountry "GER"]

1. e4 e5 2. Nf3 Nc6 3. Bc4 Nf6 4. d4 exd4 5. 0-0 Nxe4 6. Re1 d5 7. Bb5 Bd7 8. Nxd4 Be7 9. Nxc6 bxc6 10. Bd3 Nf6 11. Qe2 Be6 12. Nc3 0-0 13. Qf3 Bc5 14. Bg5 Rb8 15. Rab1 Be7 16. Qg3 Nh5 17. Bxe7 Qxe7 18. Qf3 Qg5 19. Re3 Bg4 20. Re5 Qxe5 21. Qxg4 Nf6 22. Qa4 Rfe8 23. Qxc6 Rb6 24. Qc5 Rbe6 25. Qxa7 Ng4 26. g3 Qf6 27. Nxd5 Qxf2+ 28. Qxf2 Nxf2 29. Kxf2 Rd6 30. Nxc7 Rc8 31. Nb5 Rb6 32. Nc3 Rf6+ 33. Kg2 Re8 34. Rf1 Rb6 35. Na4 Rb7 36. b3 g6 37. c4 Kg7 38. Rc1 Re3 39. Bf1 Rbe7 40. Kf2 R3e5 41. c5 Rf5+ 42. Kg2 Rc7 43. b4 Kf6 44. b5 Rd5 45. b6 Rd2+ 46. Kf3 Rc8 47. c6 Rdd8 48. c7 Rd7 49. Ba6 Ra8 0-1